Pacific Ocean General Knowledge - Statistics

General Stats
  • This quiz has been taken 36,341 times
    34,274 since last reset
  • The average score is 12 of 20
Answer Stats
Question Answer % Correct
Region surrounding the Pacific responsible for 90% of the world's earthquakes Ring of {Fire}
93%
The deepest part of the world's oceans {Mariana} Trench
89%
The three major regions of Oceania that end in "nesia" {Micro}nesia
82%
The three major regions of Oceania that end in "nesia" {Poly}nesia
80%
Largest city located on the Yangtze river delta Shanghai
75%
Major Mexican peninsula which juts into the Pacific Baja California
69%
Island, also known as Rapa Nui, that is famous for its statues of giant heads Easter Island
69%
Sea which borders 10 different countries – with China trying to claim nearly all of it {South} {China} Sea
68%
Smallest country which touches the Pacific Nauru
65%
Most populous island in French Polynesia Tahiti
65%
Country which the above island is part of Chile
62%
Most populous Russian city on the Pacific Vladivostok
57%
Sea, named for a Dutch explorer, that separates New Zealand and Australia {Tasman} Sea
55%
Alaskan island chain that spans a distance of over 1900 kilometers {Aleutian} Islands
50%
Japanese island that was the site of the deadliest battle in the Pacific theater of WWII Okinawa
50%
Of the countries that border the Pacific, the last one alphabetically Vietnam
48%
Largest island which touches the Pacific (not counting Australia) New Guinea
45%
Line at roughly 180° of longitude which could be considered the opposite of the Greenwich Meridian International Date Line
44%
Hawaii volcano that is the tallest mountain in the world when measured from its base on the ocean floor Mauna Kea
39%
The three major regions of Oceania that end in "nesia" {Mela}nesia
39%
No matching quizzes found
Score Distribution
Percent of People with Each Score
Percentile by Number Answered
Your Score History
You have not taken this quiz since the last reset